000 00437nam a22001577a 4500
999 _c17590
_d17590
003 OSt
005 20221109154822.0
008 221108b ||||| |||| 00| 0 eng d
040 _c0
100 _aMarcelo, Elizabeth.
_946730
245 _aSandigan junks ex-mayor's appeal to reinvestigate raps /
260 _aPhilippines ;
_cFebruary 3, 2020.
_bThe Philippine Star,
300 _apage 18.
650 _aLaw.
_946731
942 _2ddc
_cPER